000
00305nam a22001337a 4500
008
170922b xxu||||| |||| 00| 0 eng d
020
_a
9780195123777
041
_a
eng
080
_a
37
100
_a
46
101
_a
EDU
245
_a
THE WRITING TEACHER'S SOURCEBOOK
_c
CORBETT, E.P.J
942
_2
udc
_c
BK
999
_c
28976
_d
28976